| 000 | 00000nam##2200000za#4500 |
| 001 | 9.580453 |
| 003 | CaOODSP |
| 005 | 20210624191038 |
| 007 | cr ||||||||||| |
| 008 | 150406|1980||||xxc|||||o f|0| 0 eng|d |
| 040 | |aCaOODSP|beng |
| 043 | |an-cn--- |
| 086 | 1 |aFs97-13/310E-PDF |
| 110 | 1 |aCanada. |bDepartment of Fisheries and Oceans. |
| 245 | 10|aMidwater trawl tows and catches made on C.G.S. G. B. Reed Cruise GBR81-1 Strait of Georgia, January 12-23, 1981 / |h[electronic resource]|cby L.W. Barner, F.H.C. Taylor, and P.B. McCarter. |
| 260 | |aNanaimo - British Columbia : |bFisheries and Oceans Canada |c1981. |
| 300 | |a48p.|btables |
| 490 | 1 |aCanadian data report of fisheries and aquatic sciences|vNo. 310 |
| 500 | |aFile reproduced from original print. On t. p.: Pacific Biological Station, Nanaimo, British Columbia. The catalogue number and ISSN for the print edition appear in the PDF version. |
| 546 | |a(Résumé en français) |
| 590 | |a14-15-Supp|b2014-09-04 |
| 720 | 1 |aMcCarter, P. B. |
| 720 | 1 |aBarner, L. W. |
| 720 | 1 |aTaylor, F. H. C. |
| 830 | #0|aCanadian data report of fisheries and aquatic sciences ;|vNo. 310|w(CaOODSP)9.505124 |
| 856 | 40|ahttp://publications.gc.ca|qPDF|s726 KB|uhttps://publications.gc.ca/collections/collection_2014/mpo-dfo/Fs97-13-310-eng.pdf|yNo. 310 |